000 00674nam a2200241Ia 4500
003 OSt
005 20221005031605.0
006 a|||||r|||| 00| 0
007 ta
008 221004b |||||||| |||| 00| 0 tam d
024 _a63730
037 _cTextual
040 _aCRL
_cCRL
_btam
041 _2tam
_atam
082 _aO31,3:g(Y), M0;1
100 _aT.Packiya Muthu Au.
_9583927
245 0 _aThamil Navalkalil Manitha Vimosanam
260 _aChennai
_bChristhava Ilakkia Sankam India
_c1976
300 _a104p.
_ccm.
650 _aTAMIL LITERATURE
942 _hO31,3:g(Y), M0;1
_cTEXL
_2cc
999 _c937999
_d937999